The practice of history
Saved in:
| Main Author: | |
|---|---|
| Format: | Book |
| Language: | English |
| Published: |
Malden, MA :
Blackwell Publishers,
2002
|
| Edition: | 2nd ed. |
| Subjects: | |
| Tags: |
Add Tag
No Tags, Be the first to tag this record!
|
MARC
| LEADER | 00000nam a2200000 i 4500 | ||
|---|---|---|---|
| 001 | 1/50597 | ||
| 008 | 070803s20021967 eng d | ||
| 020 | |a 0-631-22979-5 (hbk.) | ||
| 035 | |l 10089497 | ||
| 040 | |a GR-MY-UA |b gre |e aacr | ||
| 041 | 0 | |a eng | |
| 082 | 0 | |a 907.2 |2 (22) | |
| 100 | 1 | |a Elton, G. R. |q (Geoffrey Rudolph) | |
| 245 | 1 | 4 | |a The practice of history / |c G.R. Elton ; afterword by Richard Evans |
| 250 | |a 2nd ed. | ||
| 260 | |a Malden, MA : |b Blackwell Publishers, |c 2002 | ||
| 300 | |a viii, 224 σ.; |c 24 εκ. | ||
| 500 | |a Προηγούμενη έκδοση: Sydney: Sydney University; London: Methuen, 1984 | ||
| 504 | |a Βιβλιογραφία: σ. 204-217 | ||
| 504 | |a Ευρετήριο: σ. 218-224 | ||
| 650 | 0 | 0 | |a History |x Methodology. |
| 700 | 1 | |a Evans, Richard J. |4 oth | |
| 852 | |a INST |b LESVOS |e 20070803 |h 907.2 ELT |p 005100041370 |q 005100041370 |t BK |y 0 | ||
| 901 | |a BIBL1-2007-2 | ||
| 909 | |a Λ |b 137395 | ||
| 922 | |a 1ΕΛΗ |b 200707 |c ΕΠΕΑΕΚ2/ΤΚΑ |d ΕΛΕΥΘΕΡΟΥΔΑΚΗΣ | ||
| 970 | |a ΚΑΡΑ |b ΓΙΑΣΕΜΗ |z 2007/08/03 | ||